00580nam a2200181Ia 450000500170000000800410001702000150005808200130007324500820008626000530016830000170022165000130023865000100025170000190026194200060028095200970028699900150038320250606003839.0240331s9999 xx 000 0 und d a905031094X bVIVa303 0aVividhathwayata amanthrnaya :bgatuma ha samaya pilibanda Sri Lankika kathika bNetherlands Institute of International Relations aXX, 298 p ., aConflict aPeace aFerxs,J. eedt cL 001040708LaWERCLbWERCLcSSCd2024-03-31l0o 303.6 VIVp6349r2024-03-31w2024-03-31yL c5137d5137